Learning Resource and Development

Writing with authority : (Record no. 26055)

MARC details
000 -LEADER
fixed length control field 01631nam a2200277 i 4500
005 - DATE AND TIME OF LATEST TRANSACTION
control field 20230905105054.0
008 - FIXED-LENGTH DATA ELEMENTS--GENERAL INFORMATION
fixed length control field 230905s1987 nyu 001 0 eng
020 ## - INTERNATIONAL STANDARD BOOK NUMBER
International Standard Book Number 0394363345
Qualifying information (paperback)
040 ## - CATALOGING SOURCE
Original cataloging agency DLC
Transcribing agency DLC
Modifying agency CSPC
Description conventions rda
050 ## - LIBRARY OF CONGRESS CALL NUMBER
Classification number LB2369
Item number .V25
082 ## - DEWEY DECIMAL CLASSIFICATION NUMBER
Classification number 808.042
Item number V238w
100 ## - MAIN ENTRY--PERSONAL NAME
Personal name Valiukenas, Delija J.,
Relator term author.
245 ## - TITLE STATEMENT
Title Writing with authority :
Remainder of title a guide to the research process /
Statement of responsibility, etc. Delija J. Valiukenas.
264 ## - PRODUCTION, PUBLICATION, DISTRIBUTION, MANUFACTURE, AND COPYRIGHT NOTICE
Place of production, publication, distribution, manufacture New York, NY :
Name of producer, publisher, distributor, manufacturer Random House, Inc.,
Date of production, publication, distribution, manufacture, or copyright notice 1987.
300 ## - PHYSICAL DESCRIPTION
Extent xix, 295 pages :
Dimensions 23 cm.
336 ## - CONTENT TYPE
Source rdacontent
Content type term text
Content type code txt
337 ## - MEDIA TYPE
Source rdamedia
Media type term unmediated
Media type code n
338 ## - CARRIER TYPE
Source rdacarrier
Carrier type term volume
Carrier type code n
500 ## - GENERAL NOTE
General note Includes bibliographical references and index.
505 ## - FORMATTED CONTENTS NOTE
Formatted contents note Introduction to the research paper -- Writing a research paper in miniature -- Using the library : selecting a topic, restricting it, and formulating a preliminary thesis --Using the library : preparing a working bibliography -- Using the library : skimming for general information -- Using the library : taking notes -- Using your notes when you write : quoting and paraphrasing -- Prewriting : examples -- Prewriting : division and classification -- Prewriting : definition -- Prewriting : cause and effect -- Prewriting : comparison and contrast -- Writing the research paper -- Documenting your sources : in the text and at the end of the text -- Model research papers.
650 ## - SUBJECT ADDED ENTRY--TOPICAL TERM
Topical term or geographic name entry element Report writing
650 ## - SUBJECT ADDED ENTRY--TOPICAL TERM
Topical term or geographic name entry element English language
General subdivision Composition and exercises
650 ## - SUBJECT ADDED ENTRY--TOPICAL TERM
Topical term or geographic name entry element Library orientation
942 ## - ADDED ENTRY ELEMENTS (KOHA)
Source of classification or shelving scheme Dewey Decimal Classification
Suppress in OPAC No
Koha item type Books
Classification part 808.042 V238w
Call number prefix CIR
Call number suffix 1987
Holdings
Withdrawn status Lost status Source of classification or shelving scheme Damaged status Not for loan Home library Current library Shelving location Date acquired Total Checkouts Full call number Barcode Date last seen Copy number Price effective from Koha item type
    Dewey Decimal Classification     CAMPUS CSPC CAMPUS CSPC Circulation Section 09/05/2023   CIR 808.042 V238w 1987 000566-BUH 09/05/2023 1-1 09/05/2023 Books